Pokémon - Attacken von Gladimperio in KA/PU - Statistiken

Allgemein
  • Dieses Quiz wurde 2 mal gespielt
  • Das Durchschnittsergebnis liegt bei 36 aus 62
Antwortstatistiken
Antwort % Korrekt
Aero-Ass
100%
Ausdauer
100%
Bodycheck
100%
Delegator
100%
Dunkelklaue
100%
Durchbruch
100%
Eisenabwehr
100%
Eisenschädel
100%
Erholung
100%
Fassade
100%
Felsgrab
100%
Finsteraura
100%
Grimasse
100%
Hyperstrahl
100%
Lichtkanone
100%
Metallklaue
100%
Metallsound
100%
Nachthieb
100%
Raub
100%
Regentanz
100%
Sandsturm
100%
Schaufler
100%
Schutzschild
100%
Silberblick
100%
Verhöhner
100%
Fokusstoß
50%
Fußkick
50%
Fußtritt
50%
Gifthieb
50%
Gigastoß
50%
Groll
50%
Kniefallspalter
50%
Kratzer
50%
Luftschnitt
50%
Neck Strike
50%
Schlafrede
50%
Schlitzer
50%
Schmarotzer
50%
Stahlstrahl
50%
Standpauke
50%
Steinkante
50%
Strauchler
50%
Tarnsteine
50%
Tera-Ausbruch
50%
Zen-Kopfstoß
50%
Zornklinge
50%
Donnerwelle
0%
Folterknecht
0%
Frustventil
0%
Gegenschlag
0%
Gewissheit
0%
Guillotine
0%
Heimzahlung
0%
Horrorblick
0%
Kopfnuss
0%
Kreuzschere
0%
Metallstoß
0%
Rapidschutz
0%
Schleuder
0%
Schwerttanz
0%
Tiefschlag
0%
Trugschlag
0%
Keine übereinstimmenden Quizze gefunden
Verteilung der Resultate
Anzahl Personen mit jedem Resultat
Perzentil nach korrekt beantworteten Fragen
Ihre Resultats-Entwicklung
Sie haben dieses Quiz noch nicht gespielt